<?xml version="1.0" encoding="UTF-8"?>
<record
    xmlns:xsi="http://www.w3.org/2001/XMLSchema-instance"
    xsi:schemaLocation="http://www.loc.gov/MARC21/slim http://www.loc.gov/standards/marcxml/schema/MARC21slim.xsd"
    xmlns="http://www.loc.gov/MARC21/slim">

  <leader>00650nam a22001337a 4500</leader>
  <datafield tag="040" ind1=" " ind2=" ">
    <subfield code="c">RUA</subfield>
  </datafield>
  <datafield tag="082" ind1=" " ind2=" ">
    <subfield code="a">AVM AIN 2012 B101 Or.1</subfield>
  </datafield>
  <datafield tag="100" ind1=" " ind2=" ">
    <subfield code="a">AING KIMSEANG</subfield>
  </datafield>
  <datafield tag="245" ind1=" " ind2=" ">
    <subfield code="a">Replacing taro foliage silage mix with banana stem by rice bran on digestiblity of crossbreed pig, (&#x1787;&#x17C6;&#x1793;&#x17BD;&#x179F;&#x178F;&#x17D2;&#x179A;&#x17B6;&#x179C;&#x1795;&#x17D2;&#x17A2;&#x17B6;&#x1794;&#x17CB;&#x179B;&#x17B6;&#x1799;&#x1787;&#x17B6;&#x1798;&#x17BD;&#x1799;&#x178A;&#x17BE;&#x1798;&#x1785;&#x17C1;&#x1780;&#x178A;&#x17C4;&#x1799;&#x1780;&#x1793;&#x17D2;&#x1791;&#x1780;&#x17CB; &#x179B;&#x17BE;&#x1797;&#x17B6;&#x1796;&#x179A;&#x179B;&#x17B6;&#x1799;&#x179A;&#x1794;&#x179F;&#x17CB;&#x1787;&#x17D2;&#x179A;&#x17BC;&#x1780;&#x1780;&#x17BC;&#x1793;&#x1780;&#x17B6;&#x178F;&#x17CB;)</subfield>
  </datafield>
  <datafield tag="260" ind1=" " ind2=" ">
    <subfield code="a">Phnom Penh </subfield>
    <subfield code="b">Rua</subfield>
    <subfield code="c">2012</subfield>
  </datafield>
  <datafield tag="300" ind1=" " ind2=" ">
    <subfield code="a">viii;42p.</subfield>
    <subfield code="b">ill.</subfield>
    <subfield code="c">29cm.</subfield>
  </datafield>
  <datafield tag="856" ind1=" " ind2=" ">
    <subfield code="u">https://drive.google.com/file/d/1XdwOg41FtiS9j28VshmwKGwvrn0CjpjY/view?usp=sharing</subfield>
  </datafield>
  <datafield tag="942" ind1=" " ind2=" ">
    <subfield code="c">AVM</subfield>
  </datafield>
  <datafield tag="999" ind1=" " ind2=" ">
    <subfield code="c">2592</subfield>
    <subfield code="d">2592</subfield>
  </datafield>
  <datafield tag="952" ind1=" " ind2=" ">
    <subfield code="0">0</subfield>
    <subfield code="1">0</subfield>
    <subfield code="2">ddc</subfield>
    <subfield code="4">0</subfield>
    <subfield code="6">AVM_AIN_2012_000000000000000_B101_OR_1</subfield>
    <subfield code="7">0</subfield>
    <subfield code="9">12022</subfield>
    <subfield code="a">LBB</subfield>
    <subfield code="b">LBB</subfield>
    <subfield code="c">B101</subfield>
    <subfield code="d">2015-10-24</subfield>
    <subfield code="l">1</subfield>
    <subfield code="o">AVM AIN 2012 B101 Or.1</subfield>
    <subfield code="p">RUA018674</subfield>
    <subfield code="r">2018-10-03</subfield>
    <subfield code="s">2018-09-25</subfield>
    <subfield code="w">2015-10-24</subfield>
    <subfield code="y">AVM</subfield>
  </datafield>
  <datafield tag="952" ind1=" " ind2=" ">
    <subfield code="0">0</subfield>
    <subfield code="1">0</subfield>
    <subfield code="2">ddc</subfield>
    <subfield code="4">0</subfield>
    <subfield code="6">AVM_AIN_2012_000000000000000_B101_OR_2</subfield>
    <subfield code="7">0</subfield>
    <subfield code="9">12023</subfield>
    <subfield code="a">LBB</subfield>
    <subfield code="b">LBB</subfield>
    <subfield code="c">B101</subfield>
    <subfield code="d">2015-10-24</subfield>
    <subfield code="l">1</subfield>
    <subfield code="o">AVM AIN 2012 B101 Or.2</subfield>
    <subfield code="p">RUA018253</subfield>
    <subfield code="r">2018-08-07</subfield>
    <subfield code="s">2018-07-24</subfield>
    <subfield code="w">2015-10-24</subfield>
    <subfield code="y">AVM</subfield>
  </datafield>
  <datafield tag="952" ind1=" " ind2=" ">
    <subfield code="0">0</subfield>
    <subfield code="1">0</subfield>
    <subfield code="2">ddc</subfield>
    <subfield code="4">0</subfield>
    <subfield code="6">AVM_AIN_2012_000000000000000_B101_OR_3</subfield>
    <subfield code="7">0</subfield>
    <subfield code="9">12024</subfield>
    <subfield code="a">LBB</subfield>
    <subfield code="b">LBB</subfield>
    <subfield code="c">B101</subfield>
    <subfield code="d">2015-10-24</subfield>
    <subfield code="o">AVM AIN 2012 B101 Or.3</subfield>
    <subfield code="p">RUA018463</subfield>
    <subfield code="r">2015-10-24</subfield>
    <subfield code="w">2015-10-24</subfield>
    <subfield code="y">AVM</subfield>
  </datafield>
  <datafield tag="952" ind1=" " ind2=" ">
    <subfield code="0">0</subfield>
    <subfield code="1">0</subfield>
    <subfield code="2">ddc</subfield>
    <subfield code="4">0</subfield>
    <subfield code="6">AVM_AIN_2012_000000000000000_B101_OR_4</subfield>
    <subfield code="7">0</subfield>
    <subfield code="9">12025</subfield>
    <subfield code="a">LBB</subfield>
    <subfield code="b">LBB</subfield>
    <subfield code="c">B101</subfield>
    <subfield code="d">2015-10-24</subfield>
    <subfield code="o">AVM AIN 2012 B101 Or.4</subfield>
    <subfield code="p">RUA016796</subfield>
    <subfield code="r">2015-10-24</subfield>
    <subfield code="w">2015-10-24</subfield>
    <subfield code="y">AVM</subfield>
  </datafield>
  <datafield tag="952" ind1=" " ind2=" ">
    <subfield code="0">0</subfield>
    <subfield code="1">0</subfield>
    <subfield code="2">ddc</subfield>
    <subfield code="4">0</subfield>
    <subfield code="6">AVM_AIN_2012_000000000000000_B101_OR_5</subfield>
    <subfield code="7">0</subfield>
    <subfield code="9">12026</subfield>
    <subfield code="a">LBB</subfield>
    <subfield code="b">LBB</subfield>
    <subfield code="c">B101</subfield>
    <subfield code="d">2015-10-24</subfield>
    <subfield code="l">2</subfield>
    <subfield code="o">AVM AIN 2012 B101 Or.5</subfield>
    <subfield code="p">RUA016651</subfield>
    <subfield code="r">2020-07-17</subfield>
    <subfield code="s">2020-06-17</subfield>
    <subfield code="w">2015-10-24</subfield>
    <subfield code="y">AVM</subfield>
  </datafield>
</record>
